Research methodology : (Record no. 65464)

MARC details
000 -LEADER
fixed length control field 00855nam a22002537a 4500
005 - DATE AND TIME OF LATEST TRANSACTION
control field 20130401144017.0
010 ## - LCCN (DPL NO)
LC control number ENG-105048
020 ## - INTERNATIONAL STANDARD BOOK NUMBER
International Standard Book Number 9788125952053
Terms of availability 395.00
020 ## - INTERNATIONAL STANDARD BOOK NUMBER
Terms of availability 450.00
035 ## - SYSTEM CONTROL NUMBER
System control number EN-88581
035 ## - SYSTEM CONTROL NUMBER
System control number B-491786-787
037 ## - SOURCE OF ACQUISITION
Source of stock number/acquisition DBAD/PUB
037 ## - SOURCE OF ACQUISITION
Source of stock number/acquisition Prakashan Sansthan/Ven
082 ## - DEWEY DECIMAL CLASSIFICATION NUMBER
Classification number 001.42
100 ## - MAIN ENTRY--PERSONAL NAME
Personal name Chawla, Deepak
245 ## - TITLE STATEMENT
Title Research methodology :
Statement of responsibility, etc by Deepak Chawla [and] Neena Sondhi
Remainder of title concepts and cases /
260 ## - PUBLICATION, DISTRIBUTION, ETC. (IMPRINT)
Place of publication, distribution, etc Noida
Name of publisher, distributor, etc Vikas Publishing House
Date of publication, distribution, etc 2011
270 ## - ADDRESS
Address E-28, Sector-8
City Noida
Postal code 201301
300 ## - PHYSICAL DESCRIPTION
Extent xxii,670p. :
Dimensions 28cm(pbk)
Other physical details ill.
Accompanying material 1CD-ROM
500 ## - GENERAL NOTE
General note Includes index
700 ## - ADDED ENTRY--PERSONAL NAME
Personal name Sondhi, Neena
9 (RLIN) 45592
942 ## - ADDED ENTRY ELEMENTS (KOHA)
Source of classification or shelving scheme Dewey Decimal Classification
Item type English Books
Call number suffix CHA
Classification part 001.42
Holdings
Withdrawn status Lost status Not for loan Collection code Home library Current library Date acquired Source of acquisition Cost, normal purchase price Full call number Barcode Copy number Cost, replacement price Koha item type
    Not For Loan Non-fiction D.B.Act.Division D.B.Act.Division 23/04/2012 DBAD/PUB 395.00 001.42 CHA EN-88581 1 395.00 English Books
      Non-fiction Sarojini Nagar Sarojini Nagar 01/04/2013 Prakashan Sansthan/411/11.01.2013/126/18.12.2012/18.01.2013 450.00 001.42 CHA B-491786 1 450.00 English Books
      Non-fiction Vinoba Puri Vinoba Puri 01/04/2013 Prakashan Sansthan/411/11.01.2013/126/18.12.2012/18.01.2013 450.00 001.42 CHA B-491787 1 450.00 English Books

© Delhi Public Library
Hit Counter
free hit counter